| 000 | 00604nam a22001937a 4500 | ||
|---|---|---|---|
| 999 |
_c11059 _d11059 |
||
| 003 | AR-CdUCM | ||
| 008 | 190402b ||||| |||| 00| 0 spa d | ||
| 040 |
_aMUNICIPALIDAD PROVINCIAL DEL CUSCO _cBIBLIOTECA MUNICIPAL DEL CUSCO |
||
| 082 |
_aEP / 985. 009 / _bA17 |
||
| 100 |
_aAcevedo, Juan _913170 |
||
| 245 |
_aTúpac Amaru : _bInfancia y adolescencia / |
||
| 260 |
_aLima : _bTarea, |
||
| 300 |
_a46 paginas _c30 cm. |
||
| 505 | _aContenido :Túpac Amaru -- Infancia y adolescencia ... | ||
| 650 |
_aHistoria del Perú _9259 |
||
| 650 |
_aHistorietas _910786 |
||
| 942 |
_2ddc _cLIBROS |
||
| 945 | _arum | ||